000 00838nam a2200241Ia 4500
003 GCL
008 140319s9999 xx 000 0 ara d
040 _aGCL /
_cGCL
082 0 4 _a810.95
_bن ن
100 1 _aمحمد زغلول سلام
245 1 0 _aنقد النثر فى تراث العرب النقدى حتى نهاية العصر العباسى 656 ه /
_cمحمد زغلول سلام
700 1 _aنبيل خالد رباح ابوعلى
260 _a[S.N] :
_bالهيئة المصرية العامة للكتاب ،
_c1993
490 _a
650 0 4 _aالادب العربى
650 0 4 _aالالفاظ
650 0 4 _aالنثر العربى
650 0 4 _aالمقامات
650 0 4 _aاللغة العربية
650 0 4 _aالبلاغة العربية
650 0 4 _aتاريخ ونقد
942 _2ddc
_cBK
999 _c31163
_d31163